Flagi Australii i Oceanii. - Statystyki

Ogólne statystyki
  • Ten quiz został rozwiązany 1 283 razy
  • Średni wynik to 11 z 14
Statystyki odpowiedzi
Obrazkowy Odpowiedź % Poprawnych
Australia
99%
Nowa Zelandia
93%
Fidżi
86%
Mikronezja
84%
Papua-Nowa Gwinea
84%
Kiribati
79%
Palau
78%
Tonga
77%
Wyspy Marshalla
77%
Samoa
75%
Nauru
73%
Vanuatu
69%
Tuvalu
68%
Wyspy Salomona
68%
Nie znaleziono quizów pasujących do podanych kryteriów
Rozkład punktacji
Procent ludzi z każdym wynikiem
Percentyl według liczby udzielonych odpowiedzi
Twoja historia wyników
Nie rozwiązałeś tego quizu